LEADER 00943nam a2200265 i 4500 001 991000968779707536 005 20020502181801.0 008 950602s1989 it ||| | ita 020 $a8877680059 035 $ab11444708-39ule_inst 035 $aPRUMB52491$9ExL 040 $aDip. SSSC - DIDATTICA$bita 100 1 $aElliott, Vivian$0526657 245 10$aCaro Signor Shaw /$ca cura di Vivian Elliott ; edizione italiana a cura di Marina Premoli 250 $aMilano :$bRosellina Archinto, c1989 260 $aMilano :$bRosellina Archinto,$c1989 300 $a185 p. ;$c20 cm. 650 4$aShaw, Bernard 700 1 $aPremoli, Marina 907 $a.b11444708$b21-09-06$c01-07-02 912 $a991000968779707536 945 $aLE021 FH7D57$g1$iLE021N-12363$lle021$o-$pE0.00$q-$rl$s- $t0$u0$v0$w0$x0$y.i11630073$z01-07-02 996 $aCaro Signor Shaw$9819385 997 $aUNISALENTO 998 $ale021$b01-01-95$cm$da $e-$fita$git $h0$i1 LEADER 01056nam a2200313 i 4500 001 991001467849707536 005 20020507194013.0 008 961104s1975 de ||| | eng 020 $a3540073914 035 $ab10851574-39ule_inst 035 $aLE01312696$9ExL 040 $aDip.to Matematica$beng 082 0 $a515.93 084 $aAMS 30C 084 $aAMS 30C45 100 1 $aSchober, Glenn$058483 245 10$aUnivalent functions - selected topics /$cGlenn Schober 260 $aBerlin :$bSpringer-Verlag,$c1975 300 $aiv, 200 p. :$bill. ;$c25 cm 490 0 $aLecture notes in mathematics,$x0075-8434 ;$v478 500 $aBibliography: p. [191]-198 500 $aIncludes index 650 0$aUnivalent functions 907 $a.b10851574$b23-02-17$c28-06-02 912 $a991001467849707536 945 $aLE013 30C SCH21 (1975)$g1$i2013000064710$lle013$o-$pE0.00$q-$rl$s- $t0$u0$v0$w0$x0$y.i10963054$z28-06-02 996 $aUnivalent functions$980873 997 $aUNISALENTO 998 $ale013$b01-01-96$cm$da $e-$feng$gde $h0$i1 LEADER 01911nas 22006613- 450 001 996562472803316 005 20231009213019.0 011 $a1336-2305 035 $a(CKB)954925374827 035 $a(CONSER)sn-86013192- 035 $a(DE-599)ZDB2058529-9 035 $a(EXLCZ)99954925374827 100 $a20750720a19579999 --- a 101 0 $aeng 181 $ctxt$2rdacontent 182 $cc$2rdamedia 183 $acr$2rdacarrier 200 00$aActa virologica 205 $aEnglish ed. 210 $aPrague$cAcademia, Pub. House of the Czechoslovak Academy of Sciences 215 $a1 online resource 300 $aRefereed/Peer-reviewed 311 $aPrint version: Acta virologica. (DLC)sn 86013192 (OCoLC)1461031 0001-723X 531 $aACTA VIROL 531 $aACT VIROLOG 531 $aACTA VIROLOGICA INTERNATIONAL JOURNAL 531 0 $aActa virol. 606 $aViruses$vPeriodicals 606 $aVirus diseases$vPeriodicals 606 $aVirus$vPériodiques 606 $aMaladies à virus$vPériodiques 606 $aVirus diseases$2fast$3(OCoLC)fst01167739 606 $aViruses$2fast$3(OCoLC)fst01167771 606 $aVirologie$2gtt 606 $aVirology 606 $amicrobiology$2aat 608 $aPeriodicals.$2fast 608 $aPeriodicals.$2lcgft 608 $aPeriodicals.$2rbgenr 608 $aPeriodical. 608 $aperiodicals.$2aat 608 $aPériodiques.$2rvmgf 615 0$aViruses 615 0$aVirus diseases 615 6$aVirus 615 6$aMaladies à virus 615 7$aVirus diseases. 615 7$aViruses. 615 17$aVirologie. 615 2$aVirology. 615 7$amicrobiology. 676 $a616.0194 712 02$a?eskoslovenská akademie v?d. 906 $aJOURNAL 912 $a996562472803316 920 $aexl_impl conversion 996 $aActa virologica$9802346 997 $aUNISA